Quizz sur Bekar - Statistiques

Statistiques générales
  • Ce quiz a été pris 370 fois
  • Le résultat moyen est 10 sur 15
Statistiques - réponses
Question Réponse % Correct
Combien d'album a-t-il sorti? 1
94%
Combien de projet solo a-t-il sorti? (EP + Album) 4
93%
Il a fait une réédition de ce même album, quel est le nom de cette réédition? Plus Fort
87%
Où a-t-il grandi pendant la majorité de sa vie? Roubaix
86%
Quel est le nom de son premier album? Plus Fort que l'Orage
75%
Quelle est son année de naissance? 1998
73%
Quel est son prénom? Alexandre
72%
Quel est le son le plus streamé de cet album (hors réédition) Fisheye
64%
Quel est le son le plus streamé de sa discographie? Magenta
61%
Quel est le nom de son premier EP? Boreal
58%
Où est-il né? Madrid
58%
Quel est son nom de famille? Becquart
54%
Sous quel label a-t-il signé en 2019? Panenka
50%
A quel groupe appartient-il avec Sreen, Sto, Sima et Konga? TNF
29%
Quel est le premier feat (chronologiquement) où il est apparu? Elle me veut
10%
Aucun quiz correspondant
Distribution des résultats
% des personnes avec chaque résultat
Percentile par nombre de réponses
Votre historique - résultats
Vous n’avez pas pris ce quiz